<?xml version="1.0" encoding="UTF-8"?>
<record
    xmlns:xsi="http://www.w3.org/2001/XMLSchema-instance"
    xsi:schemaLocation="http://www.loc.gov/MARC21/slim http://www.loc.gov/standards/marcxml/schema/MARC21slim.xsd"
    xmlns="http://www.loc.gov/MARC21/slim">

  <leader>01852ctm a2200325 i 4500</leader>
  <controlfield tag="003">SA-RiAUC</controlfield>
  <controlfield tag="005">20251215121712.0</controlfield>
  <controlfield tag="008">251212s1985    su     f bm   000r0 ara c</controlfield>
  <datafield tag="040" ind1=" " ind2=" ">
    <subfield code="a">SA-JeALM</subfield>
    <subfield code="b">ara</subfield>
    <subfield code="c">SA-RiAUC</subfield>
    <subfield code="e">rda</subfield>
  </datafield>
  <datafield tag="082" ind1="0" ind2="4">
    <subfield code="a">251</subfield>
    <subfield code="q">SA-RiAUC</subfield>
  </datafield>
  <datafield tag="090" ind1=" " ind2=" ">
    <subfield code="a">&#x631; 251  &#x645; &#x62C; &#x64A;</subfield>
    <subfield code="b">&#x645; &#x62C; &#x64A;</subfield>
  </datafield>
  <datafield tag="100" ind1="1" ind2=" ">
    <subfield code="a">&#x627;&#x644;&#x645;&#x62C;&#x64A;&#x62F;&#x64A;&#x60C; &#x633;&#x639;&#x64A;&#x62F; &#x628;&#x646; &#x63A;&#x627;&#x644;&#x628; &#x643;&#x627;&#x645;&#x644;</subfield>
    <subfield code="e">&#x645;&#x624;&#x644;&#x641;.</subfield>
  </datafield>
  <datafield tag="245" ind1="1" ind2="2">
    <subfield code="a">&#x627;&#x644;&#x643;&#x627;&#x634;&#x641; &#x639;&#x646; &#x627;&#x644;&#x645;&#x62D;&#x635;&#x648;&#x644; &#x641;&#x64A; &#x639;&#x644;&#x645; &#x627;&#x644;&#x623;&#x635;&#x648;&#x644; &#x644;&#x644;&#x634;&#x64A;&#x62E; &#x634;&#x645;&#x633; &#x627;&#x644;&#x62F;&#x64A;&#x646; &#x645;&#x62D;&#x645;&#x62F; &#x628;&#x646; &#x645;&#x62D;&#x645;&#x648;&#x62F; &#x627;&#x644;&#x623;&#x635;&#x641;&#x647;&#x627;&#x646;&#x64A; 616-688 &#x647;&#x640;. :</subfield>
    <subfield code="b">&#x62F;&#x631;&#x627;&#x633;&#x629; &#x648;&#x62A;&#x62D;&#x642;&#x64A;&#x642; / </subfield>
    <subfield code="c">&#x625;&#x639;&#x62F;&#x627;&#x62F; &#x633;&#x639;&#x64A;&#x62F; &#x628;&#x646; &#x63A;&#x627;&#x644;&#x628; &#x643;&#x627;&#x645;&#x644; &#x627;&#x644;&#x645;&#x62C;&#x64A;&#x62F;&#x64A; &#x61B; &#x625;&#x634;&#x631;&#x627;&#x641; &#x639;&#x645;&#x631; &#x639;&#x628;&#x62F; &#x627;&#x644;&#x639;&#x632;&#x64A;&#x632; &#x645;&#x62D;&#x645;&#x62F;.</subfield>
  </datafield>
  <datafield tag="264" ind1=" " ind2="0">
    <subfield code="a">&#x627;&#x644;&#x645;&#x62F;&#x64A;&#x646;&#x629; &#x627;&#x644;&#x645;&#x646;&#x648;&#x631;&#x629; :</subfield>
    <subfield code="b">&#x627;&#x644;&#x62C;&#x627;&#x645;&#x639;&#x629; &#x627;&#x644;&#x627;&#x633;&#x644;&#x627;&#x645;&#x64A;&#x629;</subfield>
    <subfield code="c">1986</subfield>
  </datafield>
  <datafield tag="300" ind1=" " ind2=" ">
    <subfield code="a">&#x645;&#x62C;&#x644;&#x62F; &#x61B;</subfield>
    <subfield code="c">33 &#x633;&#x645;</subfield>
  </datafield>
  <datafield tag="336" ind1=" " ind2=" ">
    <subfield code="a">&#x646;&#x635;</subfield>
    <subfield code="b">txt</subfield>
    <subfield code="2">rdacontent</subfield>
    <subfield code="3">&#x623;&#x637;&#x631;&#x648;&#x62D;&#x629;</subfield>
  </datafield>
  <datafield tag="337" ind1=" " ind2=" ">
    <subfield code="a">&#x628;&#x62F;&#x648;&#x646; &#x648;&#x633;&#x64A;&#x637;</subfield>
    <subfield code="b">n</subfield>
    <subfield code="2">rdamedia</subfield>
  </datafield>
  <datafield tag="338" ind1=" " ind2=" ">
    <subfield code="a">&#x645;&#x62C;&#x644;&#x62F;</subfield>
    <subfield code="b">nc</subfield>
    <subfield code="2">rdacarrier</subfield>
  </datafield>
  <datafield tag="500" ind1=" " ind2=" ">
    <subfield code="a">&#x625;&#x647;&#x62F;&#x627;&#x621; &#x645;&#x646; &#x627;&#x644;&#x645;&#x624;&#x644;&#x641; &#x639;&#x628;&#x62F; &#x627;&#x644;&#x644;&#x647; &#x639;&#x645;&#x631; &#x62E;&#x64A;&#x627;&#x637;.</subfield>
  </datafield>
  <datafield tag="500" ind1=" " ind2=" ">
    <subfield code="a">&#x631;&#x633;&#x627;&#x644;&#x629; &#x645;&#x642;&#x62F;&#x645;&#x629; &#x644;&#x646;&#x64A;&#x644; &#x62F;&#x631;&#x62C;&#x629; &#x627;&#x644;&#x645;&#x627;&#x62C;&#x633;&#x62A;&#x64A;&#x631;</subfield>
  </datafield>
  <datafield tag="502" ind1=" " ind2=" ">
    <subfield code="b">&#x645;&#x627;&#x62C;&#x633;&#x62A;&#x64A;&#x631;</subfield>
    <subfield code="c">&#x627;&#x644;&#x62C;&#x627;&#x645;&#x639;&#x629; &#x627;&#x644;&#x625;&#x633;&#x644;&#x627;&#x645;&#x64A;&#x629;&#x60C; &#x643;&#x644;&#x64A;&#x629; &#x627;&#x644;&#x634;&#x631;&#x64A;&#x639;&#x629;&#x60C; &#x642;&#x633;&#x645; &#x623;&#x635;&#x648;&#x644; &#x627;&#x644;&#x641;&#x642;&#x647;</subfield>
    <subfield code="d">1406 &#x647;&#x62C;&#x631;&#x64A;.</subfield>
  </datafield>
  <datafield tag="504" ind1=" " ind2=" ">
    <subfield code="a">&#x64A;&#x634;&#x62A;&#x645;&#x644; &#x639;&#x644;&#x649; &#x625;&#x631;&#x62C;&#x627;&#x639;&#x627;&#x62A; &#x628;&#x628;&#x644;&#x64A;&#x648;&#x62C;&#x631;&#x627;&#x641;&#x64A;&#x629;.</subfield>
  </datafield>
  <datafield tag="650" ind1=" " ind2="7">
    <subfield code="a">&#x627;&#x644;&#x641;&#x642;&#x647; &#x627;&#x644;&#x625;&#x633;&#x644;&#x627;&#x645;&#x64A;</subfield>
    <subfield code="2">aucsh</subfield>
  </datafield>
  <datafield tag="650" ind1=" " ind2="7">
    <subfield code="a">&#x623;&#x635;&#x648;&#x644; &#x627;&#x644;&#x641;&#x642;&#x647; &#x627;&#x644;&#x625;&#x633;&#x644;&#x627;&#x645;&#x64A;</subfield>
    <subfield code="2">aucsh</subfield>
  </datafield>
  <datafield tag="700" ind1="1" ind2="2">
    <subfield code="i">&#x62A;&#x62D;&#x642;&#x64A;&#x642; &#x644;&#x640; (&#x639;&#x645;&#x644;) :</subfield>
    <subfield code="a">&#x627;&#x644;&#x623;&#x635;&#x641;&#x647;&#x627;&#x646;&#x64A;&#x60C; &#x645;&#x62D;&#x645;&#x62F; &#x628;&#x646; &#x645;&#x62D;&#x645;&#x648;&#x62F; &#x628;&#x646; &#x645;&#x62D;&#x645;&#x62F;&#x60C;</subfield>
    <subfield code="d">616-688 &#x647;&#x62C;&#x631;&#x64A;</subfield>
    <subfield code="t">&#x627;&#x644;&#x643;&#x627;&#x634;&#x641; &#x639;&#x646; &#x627;&#x644;&#x645;&#x62D;&#x635;&#x648;&#x644; &#x641;&#x64A; &#x639;&#x644;&#x645; &#x627;&#x644;&#x623;&#x635;&#x648;&#x644;.</subfield>
  </datafield>
  <datafield tag="700" ind1="1" ind2="2">
    <subfield code="i">&#x634;&#x631;&#x62D; &#x644;&#x640; (&#x639;&#x645;&#x644;) :</subfield>
    <subfield code="a">&#x627;&#x644;&#x641;&#x62E;&#x631; &#x627;&#x644;&#x631;&#x627;&#x632;&#x64A;&#x60C; &#x645;&#x62D;&#x645;&#x62F; &#x628;&#x646; &#x639;&#x645;&#x631; &#x628;&#x646; &#x627;&#x644;&#x62D;&#x633;&#x646;&#x60C;</subfield>
    <subfield code="d">544-606 &#x647;&#x62C;&#x631;&#x64A;</subfield>
  </datafield>
  <datafield tag="700" ind1=" " ind2=" ">
    <subfield code="a">&#x645;&#x62D;&#x645;&#x62F;, &#x639;&#x645;&#x631; &#x639;&#x628;&#x62F; &#x627;&#x644;&#x639;&#x632;&#x64A;&#x632; .</subfield>
    <subfield code="e">&#x625;&#x634;&#x631;&#x627;&#x641;</subfield>
  </datafield>
  <datafield tag="942" ind1=" " ind2=" ">
    <subfield code="2">ddc</subfield>
    <subfield code="c">THESES</subfield>
    <subfield code="n">0</subfield>
  </datafield>
  <datafield tag="949" ind1=" " ind2=" ">
    <subfield code="a">SA-JeALM</subfield>
    <subfield code="d">251212</subfield>
    <subfield code="u">mohamedma123</subfield>
    <subfield code="n">1</subfield>
  </datafield>
  <datafield tag="952" ind1=" " ind2=" ">
    <subfield code="0">0</subfield>
    <subfield code="1">0</subfield>
    <subfield code="2">ddc</subfield>
    <subfield code="3">&#x627;&#x644;&#x62C;&#x632;&#x621; &#x627;&#x644;&#x62B;&#x627;&#x646;&#x64A; </subfield>
    <subfield code="4">0</subfield>
    <subfield code="7">0</subfield>
    <subfield code="8">gift</subfield>
    <subfield code="a">WAHAB</subfield>
    <subfield code="b">WAHAB</subfield>
    <subfield code="d">2025-12-15</subfield>
    <subfield code="l">0</subfield>
    <subfield code="o">&#x631; 251  &#x645; &#x62C; &#x64A;</subfield>
    <subfield code="p">000021703</subfield>
    <subfield code="r">2025-12-15 12:17:47</subfield>
    <subfield code="w">2025-12-15</subfield>
    <subfield code="y">THESES</subfield>
  </datafield>
  <datafield tag="952" ind1=" " ind2=" ">
    <subfield code="0">0</subfield>
    <subfield code="1">0</subfield>
    <subfield code="2">ddc</subfield>
    <subfield code="3">&#x627;&#x644;&#x62C;&#x632;&#x621; &#x627;&#x644;&#x627;&#x648;&#x644;</subfield>
    <subfield code="4">0</subfield>
    <subfield code="7">0</subfield>
    <subfield code="8">gift</subfield>
    <subfield code="a">WAHAB</subfield>
    <subfield code="b">WAHAB</subfield>
    <subfield code="d">2025-12-15</subfield>
    <subfield code="l">0</subfield>
    <subfield code="o">&#x631; 251 &#x645; &#x62C; &#x64A;</subfield>
    <subfield code="p">000021711</subfield>
    <subfield code="r">2025-12-15 12:41:36</subfield>
    <subfield code="w">2025-12-15</subfield>
    <subfield code="y">THESES</subfield>
  </datafield>
  <datafield tag="999" ind1=" " ind2=" ">
    <subfield code="c">13533</subfield>
    <subfield code="d">13533</subfield>
  </datafield>
</record>
